[Event "NOR-ch Clubs 2017"]
[Site "Kristiansund"]
[Date "2017.10.21"]
[Round "3"]
[White "Forfang, Asmund"]
[Black "Holmen, Ove Reidar"]
[Result "1/2-1/2"]
[WhiteElo "1648"]
[BlackElo "1853"]
[Annotator "NA"]
[PlyCount "65"]
[EventDate "2017.??.??"]
[EventType "team-tourn"]
[EventCountry "NOR"]
[SourceTitle "playchess.com"]
[Source "ChessBase"]
[SourceQuality "1"]
[TimeControl "40/5400:1800"]

1. c4 {[%emt 0:00:13]} Nf6 {[%emt 0:00:19]} 2. Nf3 {[%emt 0:00:20]} g6 {[%emt 0:00:22]} 3. e3 {[%emt 0:02:57]} Bg7 {[%emt 0:00:50]} 4. Be2 {[%emt 0:00:20]} O-O {[%emt 0:04:01]} 5. O-O {[%emt 0:00:08]} d6 {[%emt 0:03:26]} 6. Nc3 {[%emt 0:00:18]} Nbd7 {[%emt 0:03:02]} 7. Qc2 $11 {[%emt 0:00:48]} c6 {[%emt 0:01:14]} 8. d4 {[%emt 0:02:15]} e5 {[%emt 0:02:59]} 9. Rb1 {[%emt 0:01:58]} exd4 {[%emt 0:03:50]} 10. exd4 {[%emt 0:01:19]} d5 {[%emt 0:04:57]} 11. c5 {[%emt 0:02:30]} Re8 {[%emt 0:07:21]} 12. Bf4 {[%emt 0:03:56]} Ne4 {[%emt 0:08:05]} 13. Bd3 {[%emt 0:01:04]} Ndf6 {[%emt 0:06:17]} 14. Be5 {[%emt 0:05:09]} Bf5 {[%emt 0:05:04]} 15. Ne2 {[%emt 0:11:38]} Nh5 {[%emt 0:14:21]} 16. Bxg7 Nxg7 17. Ng3 {[%emt 0:02:37]} Nxg3 {[%emt 0:00:39]} 18. hxg3 {[%emt 0:00:15]} Bxd3 {[%emt 0:01:13]} 19. Qxd3 {[%emt 0:00:07]} f6 {[%emt 0:01:49]} 20. b4 {[%emt 0:01:45]} a6 {[%emt 0:00:56]} 21. Rfe1 {[%emt 0:00:17]} Qd7 {[%emt 0:00:55]} 22. Rxe8+ {[%emt 0:02:05]} Rxe8 {[%emt 0:00:06]} 23. Re1 {[%emt 0:00:02]} Kf7 {[%emt 0:02:49]} 24. Rxe8 {[%emt 0:03:01]} Qxe8 {[%emt 0:00:02]} 25. Kf1 {[%emt 0:01:13]} Nf5 {[%emt 0:02:42]} 26. Nd2 {[%emt 0:03:22]} h5 {[%emt 0:02:26]} 27. a4 {[%emt 0:00:31]} Qd7 {[%emt 0:03:43]} 28. Nb3 {[%emt 0:00:28]} Ng7 {[%emt 0:00:50]} 29. Qf3 {[%emt 0:05:12]} Ne6 {[%emt 0:00:42]} 30. Qe3 {[%emt 0:01:37]} Kg7 {[%emt 0:01:08]} 31. Qf3 {[%emt 0:05:34]} Ng5 {[%emt 0:00:43]} 32. Qf4 {[%emt 0:01:01]} Ne6 {[%emt 0:01:47]} 33. Qb8 1/2-1/2

[Event "NOR-ch Clubs 2017"]
[Site "Kristiansund"]
[Date "2017.10.21"]
[Round "3"]
[White "Skog, Jan Erik"]
[Black "Dahl, Torbjorn"]
[Result "0-1"]
[WhiteElo "1624"]
[BlackElo "1974"]
[Annotator "NA"]
[PlyCount "48"]
[EventDate "2017.??.??"]
[EventType "team-tourn"]
[EventCountry "NOR"]
[SourceTitle "playchess.com"]
[Source "ChessBase"]
[SourceQuality "1"]
[TimeControl "40/5400:1800"]

1. Nf3 {[%emt 0:00:19]} e6 {[%emt 0:02:11]} 2. d4 {[%emt 0:00:21]} Nf6 {[%emt 0:00:28]} 3. g3 {[%emt 0:00:20]} d5 {[%emt 0:00:32]} 4. Bg2 {[%emt 0:00:19]} Be7 {[%emt 0:00:57]} 5. Bg5 {[%emt 0:05:30]} O-O {[%emt 0:00:19]} 6. O-O {[%emt 0:00:09] LiveBook: 4 Partien} c6 {[%emt 0:00:31]} 7. Nbd2 {[%emt 0:00:45]} a5 {[%emt 0:01:34]} 8. c4 $11 {[%emt 0:03:21]} h6 {[%emt 0:02:07]} 9. Bf4 {[%emt 0:00:53]} dxc4 {[%emt 0:02:16]} 10. Bxb8 {[%emt 0:01:11]} Rxb8 {[%emt 0:00:23]} 11. Nxc4 {[%emt 0:00:21]} Nd7 12. e3 {[%emt 0:01:37]} c5 {[%emt 0:10:39]} 13. d5 {[%emt 0:06:34]} Nb6 {[%emt 0:03:43]} 14. d6 {[%emt 0:09:40]} Nxc4 {[%emt 0:00:49]} 15. dxe7 {[%emt 0:00:10]} Qxe7 {[%emt 0:00:19]} 16. Qb3 {[%emt 0:01:35]} b5 {[%emt 0:00:37]} 17. Rfd1 {[%emt 0:04:34]} a4 {[%emt 0:00:40]} 18. Qc3 {[%emt 0:01:55]} Ba6 {[%emt 0:00:22]} 19. Bf1 {[%emt 0:01:29]} Qb7 {[%emt 0:06:31]} 20. b3 {[%emt 0:02:38]} b4 {[%emt 0:02:08]} 21. Qc1 {[%emt 0:02:08]} Qxf3 {[%emt 0:01:49]} 22. Bxc4 {[%emt 0:01:06]} Bb7 {[%emt 0:00:26]} 23. Kf1 {[%emt 0:01:27]} Qh1+ {[%emt 0:01:00]} 24. Ke2 {[%emt 0:00:17]} Bf3+ {[%emt 0:00:20]} 0-1

[Event "NOR-ch Clubs 2017"]
[Site "Kristiansund"]
[Date "2017.10.21"]
[Round "4"]
[White "Elsness, Frode"]
[Black "David, Edwin"]
[Result "1-0"]
[WhiteElo "2464"]
[BlackElo "2211"]
[Annotator "TA"]
[PlyCount "61"]
[EventDate "2017.??.??"]
[EventType "team-tourn"]
[EventCountry "NOR"]
[SourceTitle "playchess.com"]
[Source "ChessBase"]
[SourceQuality "1"]

{[%evp 12,61,35,32,59,50,39,37,37,43,86,65,97,89,119,99,149,60,59,59,68,89,81,74,72,50,67,56,206,204,173,182,158,114,115,107,110,110,148,147,148,140,164,141,185,177,193,181,236,219,215,204]} 1. Nf3 e6 2. c4 b6 3. e4 Bb7 4. Nc3 Bb4 5. Bd3 Ne7 6. O-O O-O 7. Bc2 f5 {A10: English Opening: Unusual Replies for Black} 8. exf5 Nxf5 9. Ne4 Be7 {White is slightly better.} 10. d4 Qe8 $146 ({Predecessor:} 10... Nc6 11. d5 Nb4 12. Bb3 Na6 13. Ng3 Nxg3 14. hxg3 Nc5 15. Bc2 {1-0 (46) Fedorowicz,J (2560)-Flear,G (2460) Wijk aan Zee 1988}) 11. d5 exd5 12. cxd5 Qh5 13. Re1 {aiming for Ng3.} Bb4 14. Nc3 ({Better is} 14. Bd2 $16 Na6 15. a3 Bxd2 16. Qxd2 (16. Nexd2 Bxd5 17. Be4 Bxe4 $11)) 14... Na6 $14 15. Re4 {[#] g4 is the strong threat.} Bxc3 $1 16. bxc3 {Threatens to win with g4.} Nc5 17. Rf4 $36 {[%mdl 2048] And now c4 would win. Black is under strong pressure.} Nh6 18. c4 {Strongly threatening Rh4.} Rxf4 $1 19. Bxf4 Qg4 {[#]} (19... Nf7 $14) 20. Qd2 $1 $18 {Black must now prevent Re1.} ({Less strong is} 20. Bxc7 Qxc4 21. Qb1 Kh8 $14) 20... Rf8 21. Bxh6 gxh6 22. Qxh6 {[%csl Gc2][%cal Rh6h7]} Qg7 23. Qxg7+ Kxg7 24. Rd1 Rf4 25. Nd4 {White is clearly better.} Ba6 26. g3 Rf8 27. Nf5+ Kf6 28. Ne3 h6 29. Rd4 h5 (29... Rh8 {was necessary.} 30. Kg2 b5) 30. Rf4+ Kg7 31. Rh4 {Precision: White = 70%, Black = 41%.} 1-0

[Event "NOR-ch Clubs 2017"]
[Site "Kristiansund"]
[Date "2017.10.21"]
[Round "4"]
[White "Holm, Kristian Stuvik"]
[Black "Kolas, Tore"]
[Result "1-0"]
[WhiteElo "2433"]
[BlackElo "2168"]
[Annotator "TA"]
[PlyCount "81"]
[EventDate "2017.??.??"]
[EventType "team-tourn"]
[EventCountry "NOR"]
[SourceTitle "playchess.com"]
[Source "ChessBase"]
[SourceQuality "1"]

{[%evp 41,81,29,29,22,65,31,77,75,49,33,34,33,25,26,34,35,41,21,30,20,41,41,47,48,92,96,89,85,85,72,577,886,837,1003,797,85,29964,29964,6416,5447,5502,5443]} 1. Nf3 c5 2. c4 g6 3. d4 cxd4 4. Nxd4 Nc6 5. e4 Nf6 6. Nc3 d6 7. Be2 Nxd4 8. Qxd4 Bg7 9. Be3 O-O 10. Qd2 Be6 11. Rc1 Qa5 12. f3 Rfc8 13. b3 a6 14. Na4 Qxd2+ 15. Kxd2 Nd7 16. g4 f5 17. exf5 {B36: Sicilian: Maroczy Bind: Gurgenidze System} gxf5 18. h3 Rf8 19. f4 Rad8 20. Nc3 d5 21. cxd5 Nf6 {LiveBook: 23 Games} 22. Bb6 Nxd5 23. Nxd5 (23. Bxd8 {with more complications.} Bxc3+ 24. Rxc3 Nxc3 25. Bxe7 Ne4+ 26. Ke3) 23... Bxd5 24. Bxd8 Rxd8 {[#]} 25. Ke3 $146 {[#] And now Rhd1 would win.} (25. Rh2 {is interesting.} Bb2 26. Rc7 Bd4 27. Bd3 Be4 28. Bxe4 Bb6+ 29. Kc3) 25... Bxh1 26. Rxh1 $14 {[%mdl 4096] Endgame KRB-KRB} Bd4+ 27. Kf3 fxg4+ 28. hxg4 {[%cal Bh3g4,Bg4g5][%mdl 32]} Kg7 29. g5 Bc5 30. Rc1 b6 31. Bxa6 Ra8 32. Bd3 {Rh1 is the strong threat.} h6 33. gxh6+ Kxh6 34. a4 {[%cal Ba2a4,Ba4a5][%mdl 32]} Kg7 35. Rh1 Rh8 $2 {[%mdl 8192]} (35... Rd8 $16 {lives longer.} 36. Be4 Rh8 37. Rxh8 Kxh8) 36. Rxh8 $18 Kxh8 37. Ke4 Kg7 38. Kd5 Kf6 $2 {[%mdl 8192] [#]} (38... Be3 $16) 39. a5 $1 {[%cal Ra5a6][%mdl 512]} Be3 (39... bxa5 40. Kxc5) 40. a6 b5 41. Kc6 {Precision: White = 71%, Black = 31%.} 1-0

[Event "NOR-ch Clubs 2017"]
[Site "Kristiansund"]
[Date "2017.10.21"]
[Round "4"]
[White "Haug, Johannes"]
[Black "Vestby-Ellingsen, Mads"]
[Result "1/2-1/2"]
[WhiteElo "2379"]
[BlackElo "2178"]
[Annotator "TA"]
[PlyCount "65"]
[EventDate "2017.??.??"]
[EventType "team-tourn"]
[EventCountry "NOR"]
[SourceTitle "playchess.com"]
[Source "ChessBase"]
[SourceQuality "1"]

{[%evp 13,65,25,33,14,12,13,30,30,30,15,14,14,14,14,14,14,14,14,14,14,14,14,16,15,20,0,29,-1,0,-16,-21,-39,0,0,8,8,8,8,9,0,6,6,6,0,16,5,5,0,9,0,0,0,0,-15]} 1. d4 d5 2. c4 c6 3. cxd5 cxd5 4. Bg5 Nc6 5. Nc3 Nf6 6. Bxf6 {D10: Slav Defence: 3 cxd5 (without early Nf3) and 3 Nc3} gxf6 7. e3 e6 {LiveBook: 19 Games} (7... a6 8. Rc1 Bf5 9. Bd3 Bg6 10. f4 f5 11. h4 h5 12. Nf3 e6 13. Na4 f6 {½-½ (39) Grischuk,A (2761)-Carlsen,M (2832) Paris 2017}) 8. Nge2 {White is slightly better.} Bd6 9. g3 O-O $146 ({Predecessor:} 9... f5 10. Bg2 Bd7 11. O-O O-O 12. Rc1 Ne7 {½-½ (37) Moore,G (1833)-Lightfoot,M (1873) Llandudno 2017}) 10. Nf4 f5 11. Bd3 Bd7 12. O-O Bxf4 13. gxf4 Qh4 14. Kh1 Kh8 15. Qf3 Rg8 16. Rg1 a6 17. Rg3 Ne7 {[%cal Bc6e7,Be7c8,Bc8d6][%mdl 32]} 18. Rag1 Rg6 19. Ne2 {[%cal Bc3e2,Be2g1,Bg1f3,Bf3d2][%mdl 32]} Rag8 20. R1g2 Nc8 21. Ng1 Nd6 22. Qd1 Qh6 23. Rh3 {The position is equal.} Qg7 24. Rxg6 Qxg6 {[%csl Gg8][%cal Rg6g2] [#]} 25. Rg3 Qh6 26. Nf3 f6 27. Rxg8+ Kxg8 28. Nd2 Kf8 29. Be2 Ke7 30. Qg1 Kf7 31. Qg3 Bb5 32. Bxb5 Nxb5 33. Kg2 {Precision: White = 49%, Black = 60%.} 1/2-1/2

[Event "NOR-ch Clubs 2017"]
[Site "Kristiansund"]
[Date "2017.10.21"]
[Round "4"]
[White "Risting, Eivind Olav"]
[Black "Lundeby, Oyvind Andersen"]
[Result "1/2-1/2"]
[WhiteElo "2335"]
[BlackElo "2155"]
[Annotator "TA"]
[PlyCount "107"]
[EventDate "2017.??.??"]
[EventType "team-tourn"]
[EventCountry "NOR"]
[SourceTitle "playchess.com"]
[Source "ChessBase"]
[SourceQuality "1"]

{[%evp 20,107,16,15,29,22,25,18,17,0,14,0,82,72,86,56,53,63,55,44,102,23,35,29,24,29,32,24,24,-19,15,5,7,0,42,51,31,32,118,115,273,264,245,233,238,230,230,207,189,187,181,170,245,237,240,97,97,97,97,97,97,97,97,97,97,52,52,52,52,52,52,52,52,52,52,21,21,21,31,21,31,21,31,31,31,31,31,28,28,28]} 1. d4 e6 2. c4 b6 3. Nf3 Bb7 4. a3 f5 5. g3 Nf6 6. Bg2 Be7 7. Nc3 Ne4 8. Bd2 Bf6 9. O-O O-O 10. Rc1 d6 {E18: Queen's Indian: Old Main Line (4 g3 Bb7 5 Bg2 Be7 6 0-0 0-0 7 Nc3)} 11. d5 {LiveBook: 3 Games} Nxc3 12. Bxc3 Bxc3 {The position is equal.} 13. Rxc3 {Black must now prevent Nd4.} e5 $1 {[#]} 14. Qd2 $146 ({Predecessor:} 14. c5 bxc5 15. Nxe5 dxe5 16. Qb3 Ba6 17. d6+ c4 18. dxc7 Qxc7 19. Bxa8 Kh8 20. Bd5 Nd7 21. Bxc4 {1-0 (21) Wang,Y (2699)-Torre,E (2458) Ashkhabad 2017}) 14... h6 15. e4 fxe4 {[#]} (15... f4 $11) 16. Nh4 $1 $16 Qg5 17. Qe2 Nd7 18. Bxe4 Nf6 19. Bc2 Rae8 (19... Bc8 $14) 20. Ng6 (20. Bg6 $16) 20... Rf7 $11 21. h4 Qg4 22. Qxg4 Nxg4 23. f3 $36 {[%mdl 2048] White has good play.} Nf6 24. Kg2 Bc8 25. Re3 Bd7 26. Rfe1 c6 27. dxc6 Bxc6 28. Kg1 Rd8 (28... Rc7 $14) 29. Rd1 $16 Ne8 $2 {[#]} (29... e4 $16) 30. Nxe5 $1 $18 {[%mdl 512]} Rc7 (30... dxe5 31. Rxd8) 31. Nxc6 Rxc6 32. Ba4 Rcc8 33. Bxe8 Rxe8 34. Rxe8+ Rxe8 35. Rxd6 {[%mdl 4096] Endgame KR-KR} Re2 (35... Re1+ $142 36. Kf2 Rc1) 36. Rd7 a5 {[#]} 37. b4 (37. Rb7 $1 $18) 37... Re3 $16 38. bxa5 bxa5 39. c5 {[%cal Bc4c5,Bc5c6][%mdl 32] aiming for c6.} Rxa3 40. c6 Rc3 41. c7 Kh7 42. Kg2 h5 43. Rd5 Kh6 44. Rxa5 {And now Ra7 would win.} Rxc7 45. Ra6+ g6 46. Ra3 Kg7 47. g4 hxg4 48. fxg4 Rb7 49. Kg3 Rc7 50. Ra4 Rf7 51. g5 Rb7 52. Kg4 Rc7 53. h5 gxh5+ 54. Kxh5 {Precision: White = 43%, Black = 50%.} 1/2-1/2

[Event "NOR-ch Clubs 2017"]
[Site "Kristiansund"]
[Date "2017.10.21"]
[Round "4"]
[White "Elseth, Roar"]
[Black "Lillelokken, Kjell A"]
[Result "1/2-1/2"]
[WhiteElo "2322"]
[BlackElo "2128"]
[Annotator "ChessBase"]
[PlyCount "143"]
[EventDate "2017.??.??"]
[EventType "team-tourn"]
[EventCountry "NOR"]
[SourceTitle "playchess.com"]
[Source "ChessBase"]
[SourceQuality "1"]
[TimeControl "40/5400:1800"]

1. Nf3 {[%emt 0:01:04]} d5 {[%emt 0:01:07]} 2. d4 {[%emt 0:00:51]} e6 {[%emt 0:00:31]} 3. c4 {[%emt 0:00:16]} c6 {[%emt 0:00:22]} 4. Qc2 {[%emt 0:03:22]} f5 {[%emt 0:01:35]} 5. g3 {[%emt 0:00:20]} Nf6 {[%emt 0:00:19]} 6. Bg2 {[%emt 0:01:26]} Bd6 {[%emt 0:00:14]} 7. O-O {[%emt 0:01:13]} O-O {[%emt 0:00:06]} 8. b3 {[%emt 0:04:12]} Qe7 {[%emt 0:00:15]} 9. Bb2 {[%emt 0:01:30]} Bd7 {[%emt 0:00:13]} 10. Nbd2 {[%emt 0:02:44]} Be8 {[%emt 0:00:45]} 11. Ne5 {[%emt 0:02:24]} Nbd7 {[%emt 0:00:59]} 12. e3 {[%emt 0:03:59]} Bh5 {[%emt 0:02:42]} 13. Ndf3 {[%emt 0:06:12]} Bxf3 {[%emt 0:00:33]} 14. Nxf3 {[%emt 0:00:12]} Ne4 {[%emt 0:00:10]} 15. Rad1 {[%emt 0:08:22]} Rad8 {[%emt 0:00:09]} 16. Ne1 {[%emt 0:01:31]} g5 {[%emt 0:00:56]} 17. Nd3 {[%emt 0:08:47]} g4 {[%emt 0:02:32]} 18. Nf4 {[%emt 0:03:06]} Ndf6 {[%emt 0:00:44]} 19. Qe2 {[%emt 0:02:58]} Ng5 {[%emt 0:05:10]} 20. Nd3 {[%emt 0:05:11]} Qg7 {[%emt 0:01:25]} 21. f4 {[%emt 0:03:28]} Nge4 22. Nf2 Nxf2 {[%emt 0:01:50]} 23. Qxf2 {[%emt 0:00:29]} h5 {[%emt 0:00:07]} 24. Bc3 {[%emt 0:00:49]} Qe7 {[%emt 0:01:34]} 25. c5 {[%emt 0:00:37]} Bc7 {[%emt 0:00:20]} 26. Qe2 {[%emt 0:00:25]} h4 {[%emt 0:00:13]} 27. gxh4 {[%emt 0:00:18]} Kf7 {[%emt 0:00:25]} 28. Be1 {[%emt 0:00:19]} Rh8 {[%emt 0:00:28]} 29. b4 {[%emt 0:01:17]} Nd7 {[%emt 0:00:30]} 30. Bg3 {[%emt 0:02:46]} Nf8 {[%emt 0:00:11]} 31. Kf2 {[%emt 0:04:09]} Ng6 {[%emt 0:00:26]} 32. Ke1 {[%emt 0:00:31]} Nxh4 {[%emt 0:00:18]} 33. Bh1 {[%emt 0:00:17]} Ng6 {[%emt 0:00:40]} 34. Qc2 {[%emt 0:02:12]} b5 {[%emt 0:03:51]} 35. Ke2 {[%emt 0:03:10]} a5 {[%emt 0:00:22]} 36. a4 {[%emt 0:02:14]} Rb8 {[%emt 0:02:14]} 37. bxa5 {[%emt 0:03:52]} b4 {[%emt 0:00:45]} 38. Rb1 {[%emt 0:01:19]} Bxa5 {[%emt 0:00:05]} 39. Qd3 {[%emt 0:00:24]} Qa7 {[%emt 0:00:05]} 40. Rb3 {[%emt 0:00:21]} Rb7 {[%emt 0:30:39]} 41. Rfb1 {[%emt 0:30:19]} Rhb8 {[%emt 0:00:12]} 42. Kf2 {[%emt 0:00:00]} Nf8 {[%emt 0:00:00]} 43. h3 {[%emt 0:00:00]} gxh3 {[%emt 0:00:00]} 44. Bf3 {[%emt 0:00:00]} Bd8 {[%emt 0:00:00]} 45. Ra1 {[%emt 0:00:00]} Ke8 {[%emt 0:00:00]} 46. Bh5+ {[%emt 0:00:00]} Kd7 {[%emt 0:00:00]} 47. Qf1 {[%emt 0:00:00]} Kc8 {[%emt 0:00:00]} 48. Be8 {[%emt 0:00:00]} Rh7 {[%emt 0:00:00]} 49. Bxc6 {[%emt 0:00:00]} h2 {[%emt 0:00:00]} 50. Qh1 {[%emt 0:00:00]} Qg7 {[%emt 0:00:00]} 51. Rbb1 {[%emt 0:00:00]} Kc7 {[%emt 0:00:00]} 52. Bb5 {[%emt 0:00:00]} Nd7 {[%emt 0:00:00]} 53. Bxd7 {[%emt 0:00:00]} Kxd7 {[%emt 0:00:00]} 54. Qf3 {[%emt 0:00:00]} b3 {[%emt 0:00:00]} 55. Rh1 {[%emt 0:00:00]} Bh4 {[%emt 0:00:00]} 56. a5 {[%emt 0:00:00]} Rbh8 {[%emt 0:00:00]} 57. a6 {[%emt 0:00:00]} Kc6 {[%emt 0:00:00]} 58. a7 {[%emt 0:00:00]} Kb7 {[%emt 0:00:00]} 59. Bxh4 {[%emt 0:00:00]} Rxh4 {[%emt 0:00:00]} 60. Qe2 {[%emt 0:00:00]} Ka8 {[%emt 0:00:00]} 61. Qa6 {[%emt 0:00:00]} Rxf4+ {[%emt 0:00:00]} 62. exf4 {[%emt 0:00:00]} Qxd4+ {[%emt 0:00:00]} 63. Ke2 {[%emt 0:00:00]} Qe4+ {[%emt 0:00:47]} 64. Kd2 {[%emt 0:00:00]} Qxf4+ {[%emt 0:03:23]} 65. Ke2 {[%emt 0:00:00]} Qe4+ {[%emt 0:00:16]} 66. Kd2 {[%emt 0:00:00]} Qd4+ {[%emt 0:00:49]} 67. Ke2 {[%emt 0:00:00]} Qe4+ {[%emt 0:01:17]} 68. Kd2 {[%emt 0:00:00]} Qf4+ {[%emt 0:01:16]} 69. Ke2 {[%emt 0:00:00]} Qg4+ {[%emt 0:01:43]} 70. Kd2 {[%emt 0:00:00]} Qd4+ {[%emt 0:00:56]} 71. Ke2 {[%emt 0:00:00]} Qxc5 72. Ke1 1/2-1/2

[Event "NOR-ch Clubs 2017"]
[Site "Kristiansund"]
[Date "2017.10.21"]
[Round "4"]
[White "Kvisvik, Brede"]
[Black "Laverton, Christian"]
[Result "1-0"]
[WhiteElo "2296"]
[BlackElo "2113"]
[Annotator "TA"]
[PlyCount "75"]
[EventDate "2017.??.??"]
[EventType "team-tourn"]
[EventCountry "NOR"]
[SourceTitle "playchess.com"]
[Source "ChessBase"]
[SourceQuality "1"]

{[%evp 14,75,25,24,51,28,57,54,52,53,64,45,73,79,76,75,74,66,83,65,76,48,54,42,67,68,84,62,105,99,90,102,100,62,107,87,101,81,91,69,71,43,38,43,0,0,66,72,79,55,58,68,91,78,163,96,107,120,206,194,389,366,782,295]} 1. Nf3 d5 2. d4 Nf6 3. c4 c6 4. g3 dxc4 5. Bg2 Nbd7 6. O-O e6 7. a4 a5 8. Na3 {LiveBook: 3 Partien. E04: Katalanisch} (8. Qc2 b5 9. axb5 cxb5 10. Ne5 Nd5 11. Nc3 Nxe5 12. dxe5 Nb4 13. Qe4 Rb8 14. Rd1 Qc7 15. Bg5 Bd7 {1-0 (26) Perez Ponsa,F (2586)-Flores,D (2590) Villa Martelli 2016}) 8... Nb6 9. Ne5 Bb4 $146 ({Vorgänger:} 9... Bxa3 10. Rxa3 Nfd5 11. e4 Nb4 12. Qh5 O-O 13. g4 {½-½ (50) Matosec,T (2038)-Zoebisch,H (2133) Graz 2008}) 10. Naxc4 {Weiß steht etwas besser.} Nxc4 11. Nxc4 O-O 12. Qd3 Ra6 13. Rd1 Qe7 14. b3 Rd8 15. Bb2 Bd7 16. Qc2 Be8 17. Ne5 Raa8 18. Nd3 Rac8 19. Nxb4 axb4 20. e4 {[%cal Be2e4,Be4d5][%mdl 32]} c5 21. d5 exd5 22. exd5 Qd6 23. Bc1 Bd7 24. Bf4 Qa6 25. Bf1 Qa7 26. h3 Re8 27. Bg2 Qa6 28. Re1 $36 {[%mdl 2048] Weiss hat Druck.} Rxe1+ 29. Rxe1 b5 (29... c4 $11) 30. axb5 $14 Bxb5 31. Be5 Nd7 32. Bb2 Bd3 33. Qd2 Qg6 (33... Bg6 $16 {ist eine bessere Verteidigung.}) 34. h4 (34. Re7 $18 Nf8 35. Qe3) 34... h5 35. Re7 Rd8 {[#]} (35... Bf5 $16 {war angesagt.} 36. d6 Rb8) 36. Qf4 $1 $18 {[%cal Rf4c7] Dc7 ist eine echte Drohung.} Nf8 $2 (36... Bf5 37. Qc7 Rf8) 37. Qc7 Ra8 $2 (37... Qd6 38. Rxf7 Qxc7 39. Rxc7 Nd7) 38. Qxc5 $2 {Precision: Weiß = 50%, Schwarz = 35%.} (38. d6 Ne6 39. Bxa8 Nxc7 40. dxc7) 1-0

[Event "NOR-ch Clubs 2017"]
[Site "Kristiansund"]
[Date "2017.10.21"]
[Round "4"]
[White "Royset, Pal"]
[Black "Tryggestad, Andreas Garberg"]
[Result "1/2-1/2"]
[WhiteElo "2234"]
[BlackElo "2250"]
[Annotator "TA"]
[PlyCount "102"]
[EventDate "2017.??.??"]
[EventType "team-tourn"]
[EventCountry "NOR"]
[SourceTitle "playchess.com"]
[Source "ChessBase"]
[SourceQuality "1"]

{[%evp 10,102,4,-54,4,-9,16,7,28,12,20,4,15,25,12,-14,-14,-20,-27,-40,-20,-13,0,0,7,0,15,-5,-7,-31,0,0,0,0,0,0,0,0,0,-10,-11,-8,0,0,24,24,24,23,42,31,38,39,39,43,110,16,25,0,0,-15,-15,-14,0,0,0,-8,-8,-59,0,0,0,0,0,0,0,-29,-29,-29,-29,-29,0,-29,-29,-29,-29,-29,-29,-29,-4,-29,0,0,0,0,0]} 1. e4 c5 2. Nc3 e6 3. d3 d5 4. g3 Nf6 5. Bg2 Nc6 6. Bg5 {LiveBook: 8 Partien} (6. exd5 $11 exd5 7. Bg5) 6... dxe4 {B24: Sizilianisch (Geschlossenes System)} (6... d4 $15 7. Nb1 h6 8. Bxf6 Qxf6) (6... Be7 7. Bxf6 {½-½ (7) Gvetadze,S (2361)-Javakhishvili,L (2473) Rijeka 2008}) 7. dxe4 $146 ({Vorgänger:} 7. Nxe4 Be7 8. Be3 Nd5 9. Ne2 Nxe3 10. fxe3 Qb6 11. Rb1 e5 12. N2c3 Be6 13. Qe2 Rd8 14. O-O {0-1 (52) Teshima,R (1774)-Zimmermann,K (1925) Curitiba 2015}) 7... Qxd1+ (7... Qb6 {with more complications.} 8. Nf3 Be7 9. O-O h6 10. Bd2 O-O) 8. Rxd1 {Und Sb5 würde nun gewinnen.} Be7 9. Nb5 O-O 10. Ne2 a6 11. Nd6 Rd8 12. Nxc8 Raxc8 13. Rxd8+ Rxd8 14. a3 h6 15. Bd2 Ng4 16. f4 e5 17. Bf3 Nf6 18. Bc3 b5 {[%cal Bb7b5,Bb5b4][%mdl 32]} 19. Kf2 b4 20. Bxe5 ({Bitte nicht} 20. fxe5 Nh7 $17) 20... Nxe5 21. fxe5 Nd7 22. Nf4 Nxe5 23. Nd5 Kf8 24. axb4 cxb4 25. Ra1 Rc8 26. Bd1 Rc6 27. b3 Bc5+ 28. Kg2 f5 29. exf5 Rd6 30. Nf4 {[#] zielt auf Se6+ ab.} Rd2+ 31. Kh3 Kf7 (31... Be3 $14) 32. Ng6 (32. Be2 $16) 32... Kf6 $11 33. Rxa6+ Kxf5 34. g4+ Ke4 35. Re6 Bd6 36. Bf3+ $1 Kxf3 37. Nxe5+ Bxe5 38. Rxe5 Rxc2 {[%mdl 4096] Endspiel KT-KT} (38... g5 $1 $15 39. Rf5+ Ke2) 39. Rb5 g5 {[#] Droht ...Kf2 und aus.} 40. Rxb4 Rc3 {[%cal Rf3f2]} 41. Rc4 Rxb3 {( -> ...Kf2+)} (41... Re3 {is interesting.} 42. Rc2 Kf4+ 43. Kg2 Kxg4 44. b4 Rb3) 42. Rc2 (42. Rc3+ {feels hotter.} Rxc3) 42... Kf4+ 43. Kg2 Kxg4 44. Rc4+ Kf5 45. Rc5+ Kg6 46. Rc6+ Kh5 47. h3 Rb8 48. Kg3 Rg8 49. Ra6 Rg6 50. Rxg6 Kxg6 51. h4 gxh4+ {Precision: Weiß = 53%, Schwarz = 42%.} 1/2-1/2

[Event "NOR-ch Clubs 2017"]
[Site "Kristiansund"]
[Date "2017.10.21"]
[Round "4"]
[White "Thingstad, Even"]
[Black "Christiansen, Johan-Sebastian"]
[Result "0-1"]
[WhiteElo "2214"]
[BlackElo "2462"]
[Annotator "TA"]
[PlyCount "68"]
[EventDate "2017.??.??"]
[EventType "team-tourn"]
[EventCountry "NOR"]
[SourceTitle "playchess.com"]
[Source "ChessBase"]
[SourceQuality "1"]

{[%evp 19,68,0,4,0,0,0,0,0,0,0,-3,-16,-11,-26,-9,-14,-18,-14,0,0,15,-14,0,-206,-213,-210,-213,-217,-218,-223,-216,-252,-252,-246,-249,-266,-262,-280,-270,-264,-265,-265,-260,-254,-256,-430,-430,-451,-462,-474,-449]} 1. d4 Nf6 2. c4 c5 3. d5 b5 4. cxb5 a6 5. bxa6 g6 6. Nc3 {A58: Benko/Volga Gambit: Lines with 5 bxa6} Bg7 7. e4 (7. g3 d6 8. Bg2 O-O 9. Nf3 Nbd7 10. O-O Nb6 11. e4 Bxa6 12. Re1 Nc4 13. Bf1 Nd7 14. Nd2 Nde5 15. Nxc4 Nxc4 16. Bd3 Qb6 17. Rb1 Rfb8 18. Na4 Qb4 19. Kg2 Ne5 20. Bd2 {0-1 (53) Harika,D (2528)-Kramnik,V (2803) Douglas 2017}) 7... O-O 8. Nf3 Qa5 9. Bd2 Bxa6 10. Bxa6 Qxa6 {LiveBook: 51 Games} 11. Qe2 e6 12. Qxa6 Nxa6 13. O-O {[#]} Rfb8 $146 ({Predecessor:} 13... exd5 14. exd5 {0-1 (86) Muir,A (2312)-Perunovic,M (2613) Warsaw 2013}) 14. b3 exd5 15. exd5 Nb4 16. Rac1 d6 17. a4 Nbxd5 18. Nb5 Ne4 19. Rfd1 Ra6 20. Rc4 f5 $36 {[%mdl 2048] Black fights for an advantage.} 21. Ng5 $2 (21. g3 $11 {and White has nothing to worry.}) 21... Nxd2 $19 22. Rxd2 {[#]} Rxb5 $1 {[%mdl 512]} 23. Rxd5 (23. axb5 Ra1+) 23... Rxb3 {( -> ...Rb1+)} 24. g3 Bf6 25. Ne6 Rb7 26. Nf4 Kf7 27. Rd2 Be5 28. Nd5 Rba7 29. Nc3 Bxc3 30. Rxc3 Ke6 ({Not} 30... Rxa4 31. Rxd6 Rc7 32. Rb6 $17) 31. Re3+ Kd7 32. Rc3 $2 {[#]} (32. Red3) 32... Kc6 {Black is clearly winning.} 33. Rcd3 Rd7 34. Ra3 c4 {Precision: White = 51%, Black = 79%.} 0-1